|
|
|
|
| LEADER |
03131nam a22005415i 4500 |
| 001 |
978-3-319-15952-2 |
| 003 |
DE-He213 |
| 005 |
20151204143144.0 |
| 007 |
cr nn 008mamaa |
| 008 |
150305s2015 gw | s |||| 0|eng d |
| 020 |
|
|
|a 9783319159522
|9 978-3-319-15952-2
|
| 024 |
7 |
|
|a 10.1007/978-3-319-15952-2
|2 doi
|
| 040 |
|
|
|d GrThAP
|
| 050 |
|
4 |
|a JC11-607
|
| 072 |
|
7 |
|a JPA
|2 bicssc
|
| 072 |
|
7 |
|a POL010000
|2 bisacsh
|
| 082 |
0 |
4 |
|a 320.01
|2 23
|
| 100 |
1 |
|
|a Arias-Maldonado, Manuel.
|e author.
|
| 245 |
1 |
0 |
|a Environment and Society
|h [electronic resource] :
|b Socionatural Relations in the Anthropocene /
|c by Manuel Arias-Maldonado.
|
| 264 |
|
1 |
|a Cham :
|b Springer International Publishing :
|b Imprint: Springer,
|c 2015.
|
| 300 |
|
|
|a X, 131 p.
|b online resource.
|
| 336 |
|
|
|a text
|b txt
|2 rdacontent
|
| 337 |
|
|
|a computer
|b c
|2 rdamedia
|
| 338 |
|
|
|a online resource
|b cr
|2 rdacarrier
|
| 347 |
|
|
|a text file
|b PDF
|2 rda
|
| 490 |
1 |
|
|a SpringerBriefs in Political Science,
|x 2191-5466
|
| 505 |
0 |
|
|a Introduction -- What is Nature? -- Humanity and Nature -- The Socionatural Entanglement -- The Coming of the Anthropocene -- Political Natures -- The Future of Nature.
|
| 520 |
|
|
|a This short book sets out to explore the concept of nature in the context of a changing reality, in which the extent of our transformation of the environment has become evident: What is nature and to what extent has humanity transformed it? How do nature and society relate to one another? What does the idea of a sustainable society entail and how can nature be understood as a political subject? What is the Anthropocene and how does it affect nature as both an idea and a material entity? Has nature perhaps “ended?” In addressing these questions, the author delivers a concise but meaningful study of contemporary understandings of nature, one that goes beyond the limits posed by a single discipline. Adopting a truly comprehensive perspective, the work incorporates classical disciplines such as philosophy, evolutionary theory and the history of ideas; new and mixed approaches ranging from environmental sociology to neurobiology and ecological economics and the emerging area of the environmental humanities and represents a growing branch of political thought that views nature as a new political subject.
|
| 650 |
|
0 |
|a Political science.
|
| 650 |
|
0 |
|a Political theory.
|
| 650 |
|
0 |
|a Political philosophy.
|
| 650 |
|
0 |
|a Ecology.
|
| 650 |
|
0 |
|a Environmental law.
|
| 650 |
|
0 |
|a Environmental policy.
|
| 650 |
|
0 |
|a Anthropology.
|
| 650 |
1 |
4 |
|a Political Science and International Relations.
|
| 650 |
2 |
4 |
|a Political Theory.
|
| 650 |
2 |
4 |
|a Political Philosophy.
|
| 650 |
2 |
4 |
|a Environmental Law/Policy/Ecojustice.
|
| 650 |
2 |
4 |
|a Ecology.
|
| 650 |
2 |
4 |
|a Anthropology.
|
| 710 |
2 |
|
|a SpringerLink (Online service)
|
| 773 |
0 |
|
|t Springer eBooks
|
| 776 |
0 |
8 |
|i Printed edition:
|z 9783319159515
|
| 830 |
|
0 |
|a SpringerBriefs in Political Science,
|x 2191-5466
|
| 856 |
4 |
0 |
|u http://dx.doi.org/10.1007/978-3-319-15952-2
|z Full Text via HEAL-Link
|
| 912 |
|
|
|a ZDB-2-SHU
|
| 950 |
|
|
|a Humanities, Social Sciences and Law (Springer-11648)
|